000 00437nam a2200181 i 4500
001 bg
100 1 _aCELLARY, Wojciech
245 0 _aLeksykon Logo /
_cW. Cellary, K. Pielesiak.
260 _aWarszawa,
_c1990.
490 1 _aMikrokomputery
700 1 _aPIELESIAK, Krzysztof
830 _aMikrokomputery
040 _cBPK
041 _apol
080 _a681.322:519.682
942 _cKS
008 s pl f |000 0 pol
999 _c4098
_d4098
856 _uhttp://koha.tu.koszalin.pl/cgi-bin/koha/opac-detail.pl?biblionumber=4098
_yKatalog online BPK